| 000 | 00524 a2200169 4500 | ||
|---|---|---|---|
| 005 | 20250311165011.0 | ||
| 020 | _a978-0-07-337569-4 | ||
| 082 | _a330 MCC | ||
| 100 | _aMCCONNELL, C.R | ||
| 245 | _aEconomics: Principle, Problems, and Policies | ||
| 250 | _a18th Ed. | ||
| 260 |
_aNew York, _bMc Graw-Hill, _c2009. |
||
| 300 |
_axxxi, 786p.: ill.; figure, graph, picture, table. _bGlossary, index. _c26cm. |
||
| 700 | _aBRUE, S. L. & FLYNN, S. M. | ||
| 856 |
_yAccess online book _fEconomics _dwww.mhhe.com |
||
| 942 |
_2ddc _cBKS |
||
| 999 |
_c413 _d413 |
||